| 000 | 00776nam a2200181 i 4500 | ||
|---|---|---|---|
| 001 | 33876 | ||
| 003 | ES-MaACL | ||
| 005 | 20230906154833.0 | ||
| 007 | t| | ||
| 008 | 030203s1884 sp ||||1| spa d | ||
| 100 | 1 |
_aBlas y Martín, Juan de Dios. _929357 |
|
| 245 | 1 | 0 |
_aMemoria acerca de lo que son las Casas de Préstamos ... y de la influencia que ejercen en la vida social y necesidades privadas, respondiendo al cuestionario número 176 del folleto que ha publicado La Comisión nombrada para la mejora y bienestar de la clase obrera / _cpor [Juan de Dios Blas]. |
| 260 |
_aMadrid : _b[s.n.], _c1884 ( _fImp. de Montegrifo) |
||
| 300 |
_a50 p. ; _c20 cm. |
||
| 500 | _aAutor tomado del final del texto. | ||
| 650 | 0 | 4 |
_aPréstamos. _916397 |
| 852 |
_aES-MaACL _jT-420-F-9 |
||
| 999 |
_c33876 _d33876 |
||